00552 a2200181 4500003000500000005001700005040000900022082001000031100002800041245008700069260003600156300001300192650001600205651001900221942000800240999001900248952010300267Nust20170207171856.0 cNust a005.1 aAsim, Muhammad BESE-18 aTeacher's Assistant (TA)cMaj Muhammad Asim, Maj Muhammad Razzaq, Capt Mohsin Riaz aMCS, NUSTbRawalpindicMay 2016 aiv, 86 p aUG Projects aUG CSE Project cPRG c219397d219397 00102ddc40708NFICaMCSbMCSd2016-12-12l0o005.1 ASIpMCSPCS-292r2016-12-08w2016-12-12yBK